Bài tập cơ học ứng dụng

Gồm cơ sở lý thuyết, hướng dẫn áp dụng, những bài giải mẫu và bài tập về chuyển động điểm, chuyển động phẳng của vật rắn, hệ lực phẳng, hệ lực không gian, động lực học chất điểm, uốn phẳng thanh thẳng.......

وصف كامل

محفوظ في:
التفاصيل البيبلوغرافية
المؤلف الرئيسي: Nguyễn, Nhật Lệ
التنسيق: كتاب
اللغة:Undetermined
منشور في: Hà Nội Khoa học và Kỹ thuật 2006
الموضوعات:
الوسوم: إضافة وسم
لا توجد وسوم, كن أول من يضع وسما على هذه التسجيلة!
Thư viện lưu trữ: Trung tâm Học liệu Trường Đại học Cần Thơ
LEADER 00981nam a2200217Ia 4500
001 CTU_101219
008 210402s9999 xx 000 0 und d
020 |c 50000 
082 |a 531.076 
082 |b L250 
100 |a Nguyễn, Nhật Lệ 
245 0 |a Bài tập cơ học ứng dụng 
245 0 |c Nguyễn Nhật Lệ, Nguyễn Văn Vượng 
260 |a Hà Nội 
260 |b Khoa học và Kỹ thuật 
260 |c 2006 
520 |a Gồm cơ sở lý thuyết, hướng dẫn áp dụng, những bài giải mẫu và bài tập về chuyển động điểm, chuyển động phẳng của vật rắn, hệ lực phẳng, hệ lực không gian, động lực học chất điểm, uốn phẳng thanh thẳng.... 
650 |a Mechanics 
650 |x Problems, exercises, etc 
904 |i Vương 
980 |a Trung tâm Học liệu Trường Đại học Cần Thơ